|
|
|
|
| LEADER |
00000nab#a22000007a#4500 |
| 001 |
arbauad031581 |
| 003 |
AR-BaUAD |
| 005 |
20250711112546.0 |
| 008 |
980619|||||||||###||||||b###|0###a|spa|| |
| 040 |
|
|
|a AR-BaUAD
|c AR-BaUAD
|b spa
|
| 100 |
|
|
|a Baecque, Antoine de
|
| 245 |
|
|
|a Nostalghia :
|b entretien avec Alexandre Sokourov /
|c Antoine de Baecque; Olivier Joyard;
|
| 653 |
|
|
|a CINE
|
| 653 |
|
|
|a RUSIA
|
| 653 |
|
|
|a DIRECTORES DE CINE
|
| 653 |
|
|
|a SOKUROV, ALEXANDER
|
| 700 |
1 |
|
|a Joyard, Olivier
|
| 773 |
0 |
|
|t CAHIERS DU CINEMA
|g Nº521 [feb. 1998], p. 34-39
|
| 942 |
|
|
|c ARTI
|
| 952 |
|
|
|0 0
|1 0
|4 0
|7 0
|9 76500
|a AR-BAuAD
|b AR-BAuAD
|d 2025-07-11
|l 0
|p AAQA031581
|r 2025-07-11 11:25:46
|w 2025-07-11
|y ARTI
|
| 990 |
|
|
|a C199
|b TD
|
| 998 |
|
|
|a AAQ
|b BIBUN76
|
| 999 |
|
|
|c 56173
|d 56173
|